Szczegóły MARC21

Struktury i prawa językowe /

003 -Nazwa inst., której nr kontr. jest w polu 001 [,]
    • @
    • Nazwa instytucji, której n kontrolny jest w polu 001
    • NUKAT
005 -DATA I CZAS OSTATNIEJ MODYFIKACJI [,]
    • @
    • pole kontrolne
    • 20241231101345.0
040 -Instytucja sporządzająca opis [ , ]
    • a
    • Instytucja, która sporządziła opis (NP)
    • LUBL U/MZ
    • c
    • Instytucja, która sporządziła rekord (NP)
    • LUBL U/MZ
    • d
    • Instytucja, która zmodyfikowała rekord (P)
    • LUBL U/MZs
    • d
    • Instytucja, która zmodyfikowała rekord (P)
    • LUBL U/bg
    • d
    • Instytucja, która zmodyfikowała rekord (P)
    • KR 119/ET
    • d
    • Instytucja, która zmodyfikowała rekord (P)
    • KAT U/42AK
041 -Język dokumentu [1, ]
    • a
    • Język tekstu (P)
    • polski
    • h
    • Język tekstu oryginalnego i/lub pośredniego (P)
    • angielski
    • h
    • Język tekstu oryginalnego i/lub pośredniego (P)
    • węgierski
942 -Rodzaj dokumentu [ , ]
    • c
    • Rodzaj dokumentu
    • Książka
100 -Hasło główne - nazwa osobowa [1, ]
    • a
    • Nazwa osobowa (NP)
    • Fabricius-Kovács, Ferenc
    • d
    • Daty biograficzne (NP)
    • (1919-1977).
    • 9
    • KHW
    • 487857
240 -Tytuł ujednolicony [1,0]
    • a
    • Tytuł ujednolicony
    • Nyelvi struktúrák, nyelvi törvények
    • l
    • Język tekstu
    • (pol.)
    • 9
    • KHW
    • 487860
245 -Strefa tytułu i oznaczenia odpowiedzialności [1,0]
    • a
    • Tytuł
    • Struktury i prawa językowe / Find
    • c
    • Pozostałe elementy strefy tytułu i oznaczenia odpowiedzialności (NP)
    • Ferenc Kovács ; przeł. z jęz. ang. Maria Sysak-Borońska ; [red. nauk. Kazimierz Polański].
260 -Strefa adresu wydawniczego [ , ]
    • a
    • Miejsce wydania (P)
    • Wrocław :
    • b
    • Nazwa wydawcy (P)
    • Zakład Narodowy im. Ossolińskich,
    • c
    • Data wydania (P)
    • 1977.
300 -Strefa opisu fizycznego [ , ]
    • a
    • Określenie formy książki i/lub objętość (NP)
    • 383 s. ;
    • c
    • Format (NP)
    • 21 cm.
336 -Typ zawartości [ , ]
    • a
    • Termin opisujący typ zawartości
    • Tekst
    • b
    • Kod określający zawartość
    • txt
    • 2
    • Źródło (terminu i kodu)
    • rdacontent
337 -Typ mediów [ , ]
    • a
    • Tryb odtwarzania
    • Bez urządzenia pośredniczącego
    • b
    • Kod typu mediów
    • n
    • 2
    • Źródło (terminu i kodu)
    • rdamedia
338 -Typ/rodzaj nośnika [ , ]
    • a
    • Hasło opisujące typ nośnika
    • Wolumin
    • b
    • Kod typu nośnika
    • nc
    • 2
    • Źródło (terminu i kodu)
    • rdacarrier
504 -Uwaga dot. bibliogr. załącznikowej [ , ]
    • a
    • Uwaga dot. bibliografii załącznikowej
    • Bibliogr. s. 368-375.
650 -Hasło przedmiotowe [ ,7]
    • a
    • Hasło przedmiotowe
    • Językoznawstwo
    • z
    • Określnik geograficzny
    • Węgry
    • x
    • Określnik rzeczowy
    • historia.
    • 2
    • Źródło terminu
    • kaba
    • 9
    • KHW
    • 487783
700 -Hasło dodatkowe - nazwa osobowa [1, ]
    • a
    • Nazwa osobowa (NP)
    • Sysak-Borońska, Maria. Find
    • e
    • Określenie rodzaju współpracy
    • Tł.
    • 9
    • KHW
    • 487858
700 -Hasło dodatkowe - nazwa osobowa [1, ]
    • a
    • Nazwa osobowa (NP)
    • Polański, Kazimierz Find
    • d
    • Daty biograficzne (NP)
    • (1929-2009).
    • e
    • Określenie rodzaju współpracy
    • Red.
    • 9
    • KHW
    • 28015
Status udost. Sygnatura Lokalizacja Numer inwentarzowy
1 BGZ.30585
-3 BGW.69052
-3 BGW.69053
1POL. Językoznawstwo 06BMP.1204
-3 BMR.841
1 BNSF.5961